| 000 | 00415nam a22001337a 4500 | ||
|---|---|---|---|
| 020 | _a7111171829 | ||
| 082 |
_a300.92 _bDRU |
||
| 100 | _aDrucker, Peter F. | ||
| 245 |
_aAdventures of a bystander (Chinese Edition) / _cPeter F. Drucker and Tranlated by Yuejuan Liao |
||
| 260 |
_aChina : _bMachine Press, _c2005. |
||
| 300 |
_a332 p. ; _c24 cm. |
||
| 880 |
_6245-02\r _a旁观者的冒险 / |
||
| 942 |
_2ddc _cBK |
||
| 999 |
_c591742 _d591742 |
||